La rabbia del canarino /
-д хадгалсан:
| Үндсэн зохиолч: | |
|---|---|
| Формат: | Ном |
| Хэл сонгох: | итали |
| Хэвлэсэн: |
Incubo alla balena :
[s.l.],
2013
|
| Шошгууд: |
Шошго байхгүй, Энэхүү баримтыг шошголох эхний хүн болох!
|
MARC
| LEADER | 00000nam a22000007i 4500 | ||
|---|---|---|---|
| 001 | IT\ICCU\RAV\1983515 | ||
| 003 | ItRI | ||
| 005 | 20260115232230.0 | ||
| 008 | 130422s2013 it |||||| ||||| |||||c | ||
| 040 | |b ita |c importazione bologna sebina | ||
| 041 | 7 | |a ita |2 ISO-639-2 | |
| 100 | 1 | |a Romagnoli, Alessandra |0 IT\ICCU\UBOV\887591 | |
| 245 | 1 | 3 | |a La rabbia del canarino / |c Alessandra Romagnoli... [et al.]. |
| 260 | |a Incubo alla balena : |b [s.l.], |c 2013 | ||
| 300 | |a v. : |b ill. ; |c 15 cm. | ||
| 942 | |2 ddc |c BK |n 0 | ||
| 952 | |0 0 |1 0 |4 0 |6 F_741_594000000000000_ROM |7 0 |9 22518 |a BO |b BO |d 2026-01-15 |i 16854 |l 0 |o F 741.594 ROM |p BO16854 |r 2026-01-15 23:22:30 |w 2026-01-15 |x [Sebina 5] [1 v.] |y BK |z 1 v. | ||
| 999 | |c 19228 |d 19228 | ||